000 00739nam a2200301Ia 4500
005 20260401122302.0
008 008 250103s9999 xx 000 0 eng d
020 _a195678125
037 _aTB
040 _aEDL
040 _beng
040 _cEDL
041 _2eng
041 _aeng
084 _a954.03 MAC
084 _qEDL
100 _aMacfarlane, Iris | Bayly, Susan
_91233130
245 0 _aDaughters of the Empire: Memoir of Life and Times in the British Raj
245 0 _cMacfarlane, Iris | Bayly, Susan
260 _aNew Delhi
260 _bOxford University Press
260 _c2006
300 _a165p
942 _cTB
942 _h954.03 MAC
999 _c1846234
_d1846234